| 000 | 00367nam a22001217a 4500 | ||
|---|---|---|---|
| 008 | 180421b xxu||||| |||| 00| 0 eng d | ||
| 041 | _aeng | ||
| 080 | _a043.3 | ||
| 100 | _a0 | ||
| 101 | _aSHKI-BA | ||
| 245 |
_aKrahasimi i Platformave per Zhvillim te IOS dhe Android per nga Performanca , Siguria, dhe Dizajni i Nderfaqes se Perforuesit _cMati, A |
||
| 942 |
_2udc _cBK |
||
| 999 |
_c45370 _d45370 |
||